000 00751nam a2200229Ia 4500
003 GCL
008 140319s9999 xx 000 0 ara d
040 _aGCL /
_cGCL
082 0 4 _a257.3
_bع د
100 1 _aعوف محمود الكفراوى
245 1 0 _aدراسة فى تكاليف الانتاج والتسعير فى الاسلام /
_cعوف محمود الكفراوى
260 _a[S.N] :
_bمؤسسة شباب الجامعة ،
_c1985
300 _a172 ص
490 _a
650 0 4 _aالاسلام
650 0 4 _aالاقتصاد الاسلامى
650 0 4 _aالمحاسبة
650 0 4 _aالاسلام والاقتصاد
650 0 4 _aتكاليف مستوى المعيشة
650 0 4 _aتكاليف
942 _2ddc
_cBK
999 _c30671
_d30671